000 00561nam a2200181Ia 4500
003 GCL
008 140319s9999 xx 000 0 ara d
040 _aGCL /
_cGCL
082 0 4 _a615.32
_bد ت
100 1 _aدار الكتاب الحديث
245 1 0 _aالتداوى بالاعشاب واسرار الطب العربى /
_cدار الكتاب الحديث
260 _a[S.N] :
_bدار الكتاب الحديث ،
_c1994
300 _a389 ص
490 _a
650 0 4 _aالنباتات الطبية
650 0 4 _aالاعشاب
942 _2ddc
_cBK
999 _c28531
_d28531